[Event "FastChess"]
[Site "SchemingMind.com"]
[Date "2020.09.27"]
[Round "-"]
[White "Raymond de Kemp"]
[Black "Robert Hatfield"]
[Result "1-0"]
[WhiteCountry "NED"]
[BlackCountry "USA"]
[WhiteElo "1835"]
[WhiteRD "69"]
[BlackElo "1748"]
[BlackRD "64"]
[GameID "460553"]

1. d4 Nf6 2. Bf4 e6 3. e3 Be7 4. Bd3 b6 5. h3 Bb7 6. Nf3 h6 7. Nbd2 O-O 8. c3 d5 9. Ne5 c5 10. Qf3 Nbd7
11. O-O-O cxd4 12. exd4 Rc8 13. g4 g5 14. Be3 Ne4 15. Nxe4 dxe4 16. Bxe4 Bxe4 17. Qxe4 Nf6 18. Qd3 Qd5 19. Kb1 b5 20. h4
1-0

[Event "FastChess"]
[Site "SchemingMind.com"]
[Date "2020.09.27"]
[Round "-"]
[White "Robert Hatfield"]
[Black "Raymond de Kemp"]
[Result "1-0"]
[WhiteCountry "USA"]
[BlackCountry "NED"]
[WhiteElo "1779"]
[WhiteRD "67"]
[BlackElo "1793"]
[BlackRD "69"]
[GameID "460554"]

1. c4 e5 2. g3 c6 3. Bg2 d5 4. cxd5 cxd5 5. d4 e4 6. Nc3 Bf5 7. Qb3 Be6 8. Qxb7 Nd7 9. Nxd5 Bxd5 10. Qxd5 Ngf6
11. Qb3 Rb8 12. Qd1 Qa5+ 13. Bd2 Bb4 14. b3 e3 15. fxe3 Ng4 16. Bxb4 Qxb4+ 17. Qd2 Nxe3 18. Qxb4 Nxg2+ 19. Kf2 Rxb4 20. Kxg2 Rxd4
21. Rc1 O-O 22. Nf3 Re4 23. Rhd1 Nf6 24. Rd2 Ng4 25. h3 Ne3+ 26. Kf2 Rfe8 27. Rc7 Nd5 28. Rxd5 Rxe2+ 29. Kf1 Rxa2 30. Rd2 Ra1+
31. Kf2 h6 32. Rdd7 Rb8 33. Rxa7 Rxa7 34. Rxa7 Rxb3 35. Rd7 f6 36. h4 Rb2+ 37. Ke3 Rb3+ 38. Rd3 Rxd3+ 39. Kxd3 h5 40. Ke4 g6
41. Kd5 Kf7 42. Kd6 g5 43. Kd5 Kg6 44. Ke4 f5+ 45. Ke5 f4 46. hxg5 fxg3 47. Kf4
1-0

[Event "FastChess"]
[Site "SchemingMind.com"]
[Date "2020.10.06"]
[Round "-"]
[White "echecs"]
[Black "dpickin"]
[Result "1-0"]
[WhiteCountry "ENG"]
[BlackCountry "ENG"]
[WhiteElo "1832"]
[WhiteRD "66"]
[BlackElo "1511"]
[BlackRD "52"]
[GameID "460920"]

1. e4 c5 2. Nf3 d6 3. c3 e5 4. d4 Nd7 5. dxe5 dxe5 6. Bb5 a6 7. Ba4 b5 8. Bc2 Be7 9. O-O c4 10. Qd2 Ngf6
11. Rd1 O-O 12. Qe1 Qb6 13. Be3 Qc6 14. Nbd2 Nc5 15. Nxe5 Qb7 16. Bd4 Nd3 17. Nxd3 cxd3 18. Bxd3 Rd8 19. Nf3 b4 20. e5 Nd5
21. c4 Bg4 22. Be4 Be6 23. cxd5 Bxd5 24. Bxd5 Rxd5 25. a3 b3 26. Rac1 a5 27. Bc3 Rb5 28. e6 f6 29. Rd7
1-0

[Event "FastChess"]
[Site "SchemingMind.com"]
[Date "2020.10.06"]
[Round "-"]
[White "dpickin"]
[Black "echecs"]
[Result "0-1"]
[WhiteCountry "ENG"]
[BlackCountry "ENG"]
[WhiteElo "1511"]
[WhiteRD "52"]
[BlackElo "1832"]
[BlackRD "66"]
[GameID "460921"]

1. d4 d6 2. c4 c6 3. Nc3 g6 4. e3 Bg7 5. Nf3 Nf6 6. Be2 O-O 7. O-O a6 8. h3 b5 9. b4 Nbd7 10. a4 bxc4
11. Bxc4 Bb7 12. a5 Qb8 13. Rb1 d5 14. Be2 Re8 15. Na4 Qc7 16. Qc2 e5 17. e4 dxe4 18. Nxe5 Nxe5 19. dxe5 Qxe5 20. Rd1 Rad8
21. Nc5 Bc8 22. Nxa6 Rxd1+ 23. Bxd1 Bxa6 24. Qxc6 Bd3 25. Bb2 Qe6 26. Rc1 Nd5 27. Ba3 Nc3 28. Rxc3 Bxc3 29. Qxc3 Rc8 30. Qd2 Rd8
31. Qh6 Qe5 32. Bc1 Bc4 33. Bf4 Rxd1+ 34. Kh2 Qg7 35. Qg5 f5 36. g4 h6 37. Qh4 g5 38. Qg3 gxf4 39. Qxf4 Be6 40. a6 Rd7
41. b5 fxg4 42. hxg4 Bc4 43. Qb8+ Kh7 44. b6 Bxa6 45. Qa8 Qe5+ 46. Kg1 Bb7 47. Qa4 Qe6 48. Kh2 Qxg4 49. Qxd7+ Qxd7 50. Kg3 Qf5
51. Kg2 e3+ 52. Kf1 Qxf2#
0-1

[Event "FastChess"]
[Site "SchemingMind.com"]
[Date "2020.10.07"]
[Round "-"]
[White "echecs"]
[Black "Raymond de Kemp"]
[Result "0-1"]
[WhiteCountry "ENG"]
[BlackCountry "NED"]
[WhiteElo "1786"]
[WhiteRD "72"]
[BlackElo "1835"]
[BlackRD "69"]
[GameID "460922"]

1. e4 c5 2. Nf3 d6 3. c3 Nf6 4. e5 Nd5 5. exd6 Qxd6 6. Be2 e5 7. d4 exd4 8. cxd4 Be7 9. O-O O-O 10. a3 cxd4
11. Qxd4 Nc6 12. Qd1 Re8 13. Bd2 Bg4 14. h3 Bh5 15. Nh2 Bxe2 16. Qxe2 Bf6 17. Be3 Nd4 18. Qd3 Nxe3 19. fxe3 Nf3+
0-1

[Event "FastChess"]
[Site "SchemingMind.com"]
[Date "2020.10.07"]
[Round "-"]
[White "Raymond de Kemp"]
[Black "echecs"]
[Result "0-1"]
[WhiteCountry "NED"]
[BlackCountry "ENG"]
[WhiteElo "1793"]
[WhiteRD "69"]
[BlackElo "1832"]
[BlackRD "66"]
[GameID "460923"]

1. d4 d6 2. Bf4 e6 3. e4 Nf6 4. Bd3 Be7 5. g4 h6 6. h3 Bd7 7. Nd2 Nc6 8. c3 e5 9. dxe5 dxe5 10. Be3 a6
11. Ne2 Nh7 12. f4 Bh4+ 13. Bf2 Bxf2+ 14. Kxf2 exf4 15. Nf3 Qf6 16. Qd2 g5 17. Raf1 O-O-O 18. Ke1 Ne5 19. Nxe5 Qxe5 20. Nd4 Nf6
21. Qe2 Qa5 22. Bc4 Rhf8 23. Nb3 Qxa2 24. Kf2 Be6 25. Bxe6+ fxe6 26. Nc5 Rfe8 27. Ra1 Nxe4+ 28. Nxe4 Qb3 29. Nc5 Qb6 30. b4 Kb8
31. Kg2 Qc6+ 32. Kh2 f3 33. Qe4 Qd6+ 34. Kg1 Qg3+
0-1

[Event "FastChess"]
[Site "SchemingMind.com"]
[Date "2020.10.08"]
[Round "-"]
[White "echecs"]
[Black "Robert Hatfield"]
[Result "1-0"]
[WhiteCountry "ENG"]
[BlackCountry "USA"]
[WhiteElo "1786"]
[WhiteRD "72"]
[BlackElo "1748"]
[BlackRD "64"]
[GameID "460924"]

1. e4 e6 2. d4 d5 3. e5 c5 4. c3 Nc6 5. Nf3 Bd7 6. Be2 Nge7 7. O-O Ng6 8. b3 Be7 9. g3 O-O 10. Ba3 b6
11. Qc1 Rc8 12. Qd1 cxd4 13. cxd4 Nb4 14. Nbd2 a5 15. h4 Nxh4 16. gxh4 Bxh4 17. Bxb4 axb4 18. Bd3 Rc3 19. Qb1 Qe7 20. Bxh7+
1-0

[Event "FastChess"]
[Site "SchemingMind.com"]
[Date "2020.10.07"]
[Round "-"]
[White "Robert Hatfield"]
[Black "echecs"]
[Result "0-1"]
[WhiteCountry "USA"]
[BlackCountry "ENG"]
[WhiteElo "1748"]
[WhiteRD "64"]
[BlackElo "1786"]
[BlackRD "72"]
[GameID "460925"]

1. c4 c5 2. g3 g6 3. Bg2 Bg7 4. e3 Nc6 5. Ne2 Nf6 6. O-O O-O 7. Nbc3 d6 8. d4 cxd4 9. Nxd4 Bd7 10. Qe2 a6
11. Nxc6 Bxc6 12. e4 Nd7 13. Be3 Qa5 14. b4 Qxb4 15. Nd5 Bxd5
0-1

[Event "FastChess"]
[Site "SchemingMind.com"]
[Date "2020.10.08"]
[Round "-"]
[White "dpickin"]
[Black "Raymond de Kemp"]
[Result "0-1"]
[WhiteCountry "ENG"]
[BlackCountry "NED"]
[WhiteElo "1511"]
[WhiteRD "52"]
[BlackElo "1793"]
[BlackRD "69"]
[GameID "460926"]

1. d4 f5 2. c4 Nf6 3. Bg5 Ne4 4. Nf3 Nxg5 5. Nxg5 e5 6. Qd2 exd4 7. Qxd4 Qxg5 8. Nc3 Nc6 9. Qd1 Bb4 10. Qc2 O-O
11. g3 Nd4 12. Qd3 Bxc3+ 13. Qxc3 c5 14. Bg2 Re8 15. Bf3 d6 16. h4 Nxf3+ 17. Qxf3 Qe7 18. e3 Qe4 19. Qh5 Qxh1+ 20. Ke2 Qe4
21. Rd1 Qxc4+ 22. Ke1 g6 23. Qg5 d5 24. h5 Qg4 25. Qf6 Qxh5 26. Rxd5 Qh1+
0-1

[Event "FastChess"]
[Site "SchemingMind.com"]
[Date "2020.10.08"]
[Round "-"]
[White "Raymond de Kemp"]
[Black "dpickin"]
[Result "1-0"]
[WhiteCountry "NED"]
[BlackCountry "ENG"]
[WhiteElo "1793"]
[WhiteRD "69"]
[BlackElo "1511"]
[BlackRD "52"]
[GameID "460927"]

1. e4 c5 2. d4 d6 3. Nf3 Nf6 4. Nc3 a6 5. dxc5 Bg4 6. cxd6 exd6 7. Bc4 Be7 8. O-O O-O 9. h3 Bd7 10. e5 dxe5
11. Nxe5 Be6 12. Bxe6 fxe6 13. Bg5 Qb6 14. Nc4 Qc5 15. Qe2 Qxg5 16. Qxe6+ Rf7 17. Ne5 Qh5 18. g4 Qh4 19. Qxf7+ Kh8 20. Qxe7 Nc6
21. Qxb7 Nxe5 22. Qxa8+ Ng8 23. Rfe1 Ng6 24. Re8 h6 25. Rxg8+ Kh7 26. Kg2 Nf4+ 27. Kf3 g5 28. Rh8+ Kg6 29. Qg8+ Kf6 30. Ne4+
1-0

[Event "FastChess"]
[Site "SchemingMind.com"]
[Date "2020.10.06"]
[Round "-"]
[White "dpickin"]
[Black "Robert Hatfield"]
[Result "0-1"]
[WhiteCountry "ENG"]
[BlackCountry "USA"]
[WhiteElo "1511"]
[WhiteRD "52"]
[BlackElo "1779"]
[BlackRD "67"]
[GameID "460928"]

1. d4 Nf6 2. c4 e6 3. Nf3 Bb4+ 4. Nc3 Bxc3+ 5. bxc3 O-O 6. Rb1 b6 7. c5 Ne4 8. Qd3 f5 9. g3 Bb7 10. Bg2 d5
11. Ba3 Re8 12. c4 dxc4 13. Qxc4 Bd5 14. Qc2 Nc6 15. O-O Qd7 16. Rfd1 Na5 17. Ne5 Qd8 18. f3 Nf6
0-1

[Event "FastChess"]
[Site "SchemingMind.com"]
[Date "2020.10.07"]
[Round "-"]
[White "Robert Hatfield"]
[Black "dpickin"]
[Result "1-0"]
[WhiteCountry "USA"]
[BlackCountry "ENG"]
[WhiteElo "1779"]
[WhiteRD "67"]
[BlackElo "1511"]
[BlackRD "52"]
[GameID "460929"]

1. c4 e5 2. g3 d5 3. cxd5 Qxd5 4. Nf3 Qd8 5. d3 Nc6 6. Bg2 Nf6 7. O-O Be7 8. Nc3 O-O 9. h3 Be6 10. Ng5 Qd7
11. Nxe6 Qxe6 12. Be3 Rfd8 13. Qa4 a6 14. Rac1 b5 15. Qc2 Rd6 16. Ne4 Nxe4 17. Bxe4 Qxh3 18. Bxc6 Rh6 19. Bxh6
1-0

[Event "FastChess"]
[Site "SchemingMind.com"]
[Date "2020.10.10"]
[Round "-"]
[White "echecs"]
[Black "Phillip Beckett"]
[Result "1-0"]
[WhiteCountry "ENG"]
[BlackCountry "ENG"]
[WhiteElo "1786"]
[WhiteRD "72"]
[BlackElo "1557"]
[BlackRD "51"]
[GameID "461015"]

1. e4 e5 2. Nf3 Nc6 3. Bc4 Nf6 4. Ng5 Bc5 5. Nxf7 Bxf2+ 6. Kf1 Qe7 7. Nxh8 d5 8. exd5 Na5 9. Bb5+ c6 10. dxc6 bxc6
11. Qf3 Bg4 12. Bxc6+ Kf8 13. Qxf2 Nxc6 14. d3 Nd4 15. Nc3 Kg8 16. Ng6 hxg6 17. Bg5 Rf8 18. Kg1 Qc5 19. Be3 Nd5 20. Bxd4 exd4
21. Ne4 Qb6 22. Qg3 Be2 23. Re1 Bh5 24. Qd6 Nf4 25. h3 Qxb2 26. Kh2 Qb8 27. Rhf1 Qxd6 28. Nxd6 Nd5 29. Rxf8+ Kxf8 30. Re8#
1-0

[Event "FastChess"]
[Site "SchemingMind.com"]
[Date "2020.10.10"]
[Round "-"]
[White "Phillip Beckett"]
[Black "echecs"]
[Result "0-1"]
[WhiteCountry "ENG"]
[BlackCountry "ENG"]
[WhiteElo "1557"]
[WhiteRD "51"]
[BlackElo "1786"]
[BlackRD "72"]
[GameID "461016"]

1. e4 e5 2. Nf3 Nc6 3. Bb5 Nf6 4. O-O d6 5. d4 exd4 6. Nxd4 Bd7 7. Nxc6 bxc6 8. Bd3 Be7 9. Re1 O-O 10. e5 Nd5
11. exd6 cxd6 12. c3 Bf6 13. Nd2 Nf4 14. Nf3 Nxd3 15. Qxd3 Be6 16. a3 Qc7 17. Bg5 Be5 18. Nxe5 dxe5 19. Rad1 f6 20. Bh4 Qf7
21. Qb1 Qh5 22. Bg3 Rad8 23. Rxd8 Rxd8 24. Qe4 Bd5 25. Qe2 Qxe2 26. Rxe2 Bc4 27. Re1 Rd2 28. b4 Rc2 29. h3 Rxc3 30. Re3 Rxe3
31. fxe3 h5 32. h4 Kf7 33. Kf2 e4 34. Ke1 Ke6 35. Bf2 g6 36. g3 Kd5 37. Kd2 c5 38. bxc5 Kxc5 39. Kc3 a6 40. Be1 g5
41. hxg5 fxg5 42. Bf2 Be6 43. Be1 a5 44. Bf2= a4 45. Be1 Bb3 46. Bf2 Kd5 47. Be1 Ke5 48. Bf2 Kf5 49. Kd4 Bc2 50. Kd5 Kg4
51. Ke5 Kf3 52. Be1 Kxe3
0-1

[Event "FastChess"]
[Site "SchemingMind.com"]
[Date "2020.10.12"]
[Round "-"]
[White "Phillip Beckett"]
[Black "dpickin"]
[Result "1-0"]
[WhiteCountry "ENG"]
[BlackCountry "ENG"]
[WhiteElo "1502"]
[WhiteRD "53"]
[BlackElo "1511"]
[BlackRD "52"]
[GameID "461017"]

1. e4 c5 2. Nf3 Nc6 3. d4 d5 4. exd5 Qxd5 5. Nc3 Qd8 6. dxc5 e6 7. Qxd8+ Nxd8 8. Be3 Nf6 9. O-O-O Be7 10. Bb5+ Nc6
11. Ne5 Bd7 12. Nxd7 Nxd7 13. Ne4 Rd8 14. Nd6+ Bxd6 15. Rxd6 Ke7 16. Rhd1 Nde5 17. Rxd8 Nxd8 18. Bf4 Ndc6 19. a3 f6 20. Bxc6 bxc6
21. Bxe5 fxe5 22. Rd6 Rc8 23. b4 Kf6 24. Kd2 h5 25. Ke3 Ke7 26. Ke4 Rf8 27. f3 Rf4+ 28. Ke3 Rc4 29. Kd3 Rf4 30. Ke3 Rh4
31. h3 a5 32. Rxc6 axb4 33. axb4 Rxb4 34. Rc7+ Kf6 35. c6 Rc4 36. Kd3 Rd4+ 37. Kc3 g6 38. Rc8 Rd6 39. c7 Rc6+ 40. Kd2 Ke7
41. Rh8 Rxc7 42. Rh7+ Kd6 43. Rxc7 Kxc7 44. Ke3 Kd6 45. Ke4 g5 46. c4 h4 47. c5+ Kxc5 48. Kxe5 Kc4 49. Kxe6 Kd4 50. Kf5
1-0

[Event "FastChess"]
[Site "SchemingMind.com"]
[Date "2020.10.12"]
[Round "-"]
[White "dpickin"]
[Black "Phillip Beckett"]
[Result "1-0"]
[WhiteCountry "ENG"]
[BlackCountry "ENG"]
[WhiteElo "1511"]
[WhiteRD "52"]
[BlackElo "1502"]
[BlackRD "53"]
[GameID "461018"]

1. d4 e5 2. c4 exd4 3. Qxd4 Nc6 4. Qd1 Nf6 5. Nf3 Be7 6. e3 d5 7. Nc3 dxc4 8. Qc2 O-O 9. Bxc4 Bd6 10. O-O Ne5
11. Be2 Nxf3+ 12. Bxf3 c6 13. e4 Qc7 14. g3 Bg4 15. Qd3 Bxf3 16. Qxf3 Be5 17. Bf4 Bxf4 18. gxf4 Rfe8 19. e5 Nd7 20. Rac1 Qb6
21. Kh1 g6 22. Qg4 Nf8 23. Rce1 Ne6 24. Ne4 h5 25. Qh4 Nd4 26. Nf6+ Kg7 27. Rg1 Nf3 28. Qxh5 Nxg1 29. Qh7+ Kf8 30. Nd7+ Ke7
31. Nxb6 axb6 32. Rxg1 Rh8 33. Qg7 Rag8 34. Qf6+ Ke8 35. Rd1
1-0

[Event "FastChess"]
[Site "SchemingMind.com"]
[Date "2020.10.10"]
[Round "-"]
[White "Phillip Beckett"]
[Black "Raymond de Kemp"]
[Result "1-0"]
[WhiteCountry "ENG"]
[BlackCountry "NED"]
[WhiteElo "1502"]
[WhiteRD "53"]
[BlackElo "1793"]
[BlackRD "69"]
[GameID "461019"]

1. e4 c5 2. Nf3 d6 3. d4 cxd4 4. Nxd4 Nf6 5. Nc3 e5 6. Ndb5 a6 7. Na3 Nc6 8. Bg5 Be7 9. Bxf6 Bxf6 10. Nd5 Bg5
11. c3 O-O 12. Nc2 f5 13. exf5 Bxf5 14. Nce3 Be6 15. g3 Ne7 16. Bg2 Nf5 17. O-O Ne7 18. Nxe7+ Qxe7 19. Nd5 Qf7 20. Ne3 Rad8
21. h4 Be7 22. Bd5 Bxd5 23. Qxd5 Rd7 24. Qxf7+ Rxf7 25. Nd5 Bf8 26. Rad1 g6 27. Rfe1 h5 28. Nb6 Rd8 29. Rxe5 Be7 30. Re2 Bf8
31. Red2 Rf5 32. Nc4 Rf6 33. Ne3 Bh6 34. Nd5 Bxd2 35. Nxf6+ Kf7 36. Rxd2 Kxf6 37. f3 d5 38. Kf2 Kf5 39. Rd4 Ke5 40. Ke3 Kd6
41. Kd3 b5 42. Ke2 Re8+ 43. Kd2 a5 44. g4 hxg4 45. fxg4 Rf8 46. Ke2 Ke5 47. Ke3 Rf1 48. Ke2 Rf4 49. Rxf4 Kxf4 50. h5 gxh5
51. gxh5
1-0

[Event "FastChess"]
[Site "SchemingMind.com"]
[Date "2020.10.10"]
[Round "-"]
[White "Raymond de Kemp"]
[Black "Phillip Beckett"]
[Result "1-0"]
[WhiteCountry "NED"]
[BlackCountry "ENG"]
[WhiteElo "1835"]
[WhiteRD "69"]
[BlackElo "1557"]
[BlackRD "51"]
[GameID "461020"]

1. d4 e5 2. dxe5 Nc6 3. Nf3 Qe7 4. g3 Nxe5 5. Bg2 Nxf3+ 6. Bxf3 c6 7. O-O d5 8. Re1 Bf5 9. c4 dxc4 10. e4 Be6
11. Bd2 O-O-O 12. Nc3 Nf6 13. e5 Nd5 14. Ne4 f5 15. Nd6+ Rxd6 16. exd6 Qxd6 17. Qa4 Kb8 18. Bxd5 Bxd5 19. Bf4
1-0

[Event "FastChess"]
[Site "SchemingMind.com"]
[Date "2020.10.10"]
[Round "-"]
[White "Phillip Beckett"]
[Black "Robert Hatfield"]
[Result "0-1"]
[WhiteCountry "ENG"]
[BlackCountry "USA"]
[WhiteElo "1557"]
[WhiteRD "51"]
[BlackElo "1748"]
[BlackRD "64"]
[GameID "461021"]

1. e4 e6 2. d4 d5 3. Nd2 Be7 4. exd5 exd5 5. Bd3 Nf6 6. Ngf3 O-O 7. O-O b6 8. c3 Bb7 9. Re1 Nbd7 10. Nf1 c5
11. dxc5 bxc5 12. Ne5 Nxe5 13. Rxe5 Bd6 14. Re1 h6 15. Be3 Qc7 16. Qc2 Rad8 17. Rad1 Ng4 18. h3 Nxe3 19. Nxe3 Qb8 20. Nf5 Bc7
21. Ne7+ Kh8 22. Bf1 Bd6 23. Nxd5 Bxd5 24. Rxd5 Bh2+ 25. Kh1 Rxd5
0-1

[Event "FastChess"]
[Site "SchemingMind.com"]
[Date "2020.10.10"]
[Round "-"]
[White "Robert Hatfield"]
[Black "Phillip Beckett"]
[Result "1-0"]
[WhiteCountry "USA"]
[BlackCountry "ENG"]
[WhiteElo "1748"]
[WhiteRD "64"]
[BlackElo "1557"]
[BlackRD "51"]
[GameID "461022"]

1. c4 e5 2. g3 Nf6 3. Bg2 d5 4. cxd5 Nxd5 5. Nc3 Be6 6. Nf3 Nc6 7. O-O f6 8. Qb3 Qd7 9. Nxd5 Bxd5 10. Qd1 O-O-O
11. d3 Bxf3 12. Bxf3 Nd4 13. Bg2 Kb8 14. b3 Bc5 15. Bb2 Nc6 16. Qd2 Bd4 17. Rfc1 Bxb2 18. Qxb2 Qd4 19. Qc2 Qd6 20. Bxc6 Qxc6
21. Qxc6 bxc6 22. Rxc6 Rd6 23. Rac1 Rxc6 24. Rxc6 Kb7 25. Rc4 Rd8 26. Kf1 Rd6 27. Ke1 Ra6 28. a4 Rb6 29. b4 a5 30. b5 Rd6
31. Kd2 Rd4 32. Rxd4 exd4 33. e3 dxe3+ 34. fxe3 Kb6 35. d4 c6 36. bxc6 Kxc6 37. Kd3 Kd5 38. e4+ Kc6 39. Kc4 g6 40. h3
1-0

[Event "FastChess"]
[Site "SchemingMind.com"]
[Date "2020.10.19"]
[Round "-"]
[White "krzysztof"]
[Black "dpickin"]
[Result "0-1"]
[WhiteCountry "POL"]
[BlackCountry "ENG"]
[WhiteElo "1495"]
[WhiteRD "75"]
[BlackElo "1529"]
[BlackRD "55"]
[GameID "461209"]

1. a3 Nf6 2. h3 e5 3. d4 e4 4. Bg5 Be7 5. h4 h6 6. Bf4 d5 7. e3 Nc6 8. Bb5 a6 9. Ba4 b5 10. Bb3 Ng4
11. Bg3 Bd6 12. Bxd5 O-O 13. Bxc6 Bxg3 14. fxg3 Qf6 15. Nh3 Qxc6 16. Nc3 Nxe3 17. Qe2 Nf5 18. O-O-O Nxg3 19. Qe1 Nxh1 20. Qxh1 Bxh3
21. Qxh3 Rfe8 22. Re1 e3 23. g4 b4 24. axb4 Qc4 25. Rxe3 Qxd4 26. Rd3 Re1+ 27. Nd1 Qxb4 28. Qf3 Rb8 29. Rb3 Rxd1+ 30. Qxd1 Qf4+
31. Kb1 Rxb3 32. cxb3 a5 33. Qe2 a4 34. Qe8+ Kh7 35. Qxa4 Qf1+ 36. Ka2 h5 37. gxh5 f5 38. Qe8 Qa6+ 39. Kb1 Qd3+ 40. Ka2 f4
41. Qf7 f3 42. h6 Kxh6 43. Qf4+ Kg6 44. Qh2 Qe2 45. Qg3+ Kh7 46. h5 Qg2 47. Qxc7 f2 48. Qc2+ Kh6 49. Qg6+ Qxg6 50. hxg6 f1=Q
0-1

[Event "FastChess"]
[Site "SchemingMind.com"]
[Date "2020.10.20"]
[Round "-"]
[White "echecs"]
[Black "Arnold Jones"]
[Result "1-0"]
[WhiteCountry "ENG"]
[BlackCountry "ENG"]
[WhiteElo "1786"]
[WhiteRD "72"]
[BlackElo "1587"]
[BlackRD "59"]
[GameID "461253"]

1. e4 c6 2. d4 d5 3. e5 Bf5 4. c3 e6 5. Nd2 c5 6. Ngf3 cxd4 7. cxd4 Nc6 8. Nb3 Bb4+ 9. Bd2 Qb6 10. Be2 Bxd2+
11. Qxd2 Nb4 12. O-O Nc2 13. Rad1 Ne7 14. Bd3 Rc8 15. Qa5 Bxd3 16. Qxb6 axb6 17. Rxd3 O-O 18. a3 h6 19. Rd2 Rc4 20. h3 Ng6
21. g3 Ne7 22. Rc1 Rfc8 23. Rcd1 Nc6 24. Kg2 g6 25. Ng1 Ne7 26. Ne2 Kg7 27. Nbc1 Ra8 28. Na2 Rc7 29. Nec3 Nxa3 30. bxa3 Rd7
31. a4 h5 32. Nc1 g5 33. N1e2 Nf5 34. Rb1 Ra6 35. Rdb2 Ne7 36. Rxb6 Rxb6 37. Rxb6 Nc8 38. Rb4 b6 39. g4 hxg4 40. hxg4 f5
41. gxf5 exf5 42. f4 g4 43. Rb5 Kf7 44. Rxd5 Rxd5 45. Nxd5 Ke6 46. Ne3 Ne7 47. Nc3 Kf7 48. d5 Ng6 49. Kg3 Ke7 50. Nxf5+
1-0

[Event "FastChess"]
[Site "SchemingMind.com"]
[Date "2020.10.20"]
[Round "-"]
[White "Arnold Jones"]
[Black "echecs"]
[Result "0-1"]
[WhiteCountry "ENG"]
[BlackCountry "ENG"]
[WhiteElo "1587"]
[WhiteRD "59"]
[BlackElo "1786"]
[BlackRD "72"]
[GameID "461254"]

1. d4 d5 2. Nf3 Nc6 3. Nc3 Nf6 4. Bg5 e6 5. e4 dxe4 6. Nxe4 Be7 7. Bxf6 Bxf6 8. Bb5 Bd7 9. Nc5 O-O 10. Nxd7 Qxd7
11. c4 a6 12. Ba4 Qd6 13. c5 Qd5 14. Bxc6 Qxc6 15. O-O Rad8 16. Qd3 Qxc5 17. dxc5 Rxd3 18. Rab1 Rd5 19. b4 Rfd8 20. Rb3 Rd1
21. a4 h6 22. h3 R1d3 23. Rbb1 b6 24. c6 Ra3 25. a5 bxa5 26. bxa5 Rxa5 27. Rb7 Rc8 28. Ra7 Be7 29. Rc1 Bd6 30. Kf1 Rb8
31. g3 Rb6 32. Nd2 Ra2 33. Nf3 Rbb2 34. Ne1 Rxf2+ 35. Kg1 Bxg3 36. Nc2 Rfxc2 37. Rxc2 Rxc2 38. Rxa6 Bf2+ 39. Kf1 Bb6
0-1

[Event "FastChess"]
[Site "SchemingMind.com"]
[Date "2020.10.20"]
[Round "-"]
[White "Phillip Beckett"]
[Black "Arnold Jones"]
[Result "0-1"]
[WhiteCountry "ENG"]
[BlackCountry "ENG"]
[WhiteElo "1557"]
[WhiteRD "51"]
[BlackElo "1587"]
[BlackRD "59"]
[GameID "461255"]

1. d4 g6 2. e3 Nf6 3. Bd3 d5 4. f4 Bg4 5. Nf3 Nc6 6. c3 Bg7 7. O-O Bxf3 8. Qxf3 e6 9. Nd2 Qe7 10. e4 Nxe4
11. Nxe4 dxe4 12. Bxe4 Qd7 13. Bxc6 bxc6 14. Bd2 O-O 15. Rae1 Qd5 16. Qxd5 cxd5 17. Rf3 Rab8 18. Bc1 Rb6 19. g4 Ra6 20. a3 Rb8
21. f5 Bf8 22. fxg6 hxg6 23. Ref1 f5 24. gxf5 exf5 25. h4 Kh7 26. h5 Bh6 27. Bxh6 Kxh6 28. hxg6 Rxg6+ 29. Kh2 Rxb2+ 30. Kh1 Rgg2
31. Rh3+ Kg5 32. Rg1 Rg4 33. Rh2 Rxg1+ 34. Kxg1 Rb3
0-1

[Event "FastChess"]
[Site "SchemingMind.com"]
[Date "2020.10.20"]
[Round "-"]
[White "Arnold Jones"]
[Black "Phillip Beckett"]
[Result "1-0"]
[WhiteCountry "ENG"]
[BlackCountry "ENG"]
[WhiteElo "1587"]
[WhiteRD "59"]
[BlackElo "1557"]
[BlackRD "51"]
[GameID "461256"]

1. e4 e5 2. Nf3 Nc6 3. d4 exd4 4. Bc4 Nf6 5. Bg5 d6 6. Nxd4 Be7 7. Bxf6 Bxf6 8. Nxc6 bxc6 9. c3 O-O 10. Nd2 Bb7
11. Qc2 Qe7 12. O-O-O d5 13. exd5 cxd5 14. Rhe1 dxc4 15. Rxe7 Bxe7 16. Nxc4 Ba6 17. Ne5 Bd6 18. Nf3 Rab8 19. Qa4 Bb7 20. Qh4 Bxf3
21. gxf3 Rfe8 22. Rd2 Re1+ 23. Kc2 a5 24. Rd5 Re2+ 25. Rd2 Rbe8 26. Rxe2 Rxe2+ 27. Kd3 Re8 28. Qa4 Rd8 29. Ke2 c5 30. f4 Kf8
31. Kf3 g6 32. Qxa5 Re8 33. c4 Re6 34. Qc3 Ke7 35. h4 Rf6 36. Qd2 h6 37. Kg4 h5+ 38. Kg3 Re6 39. f3 f6 40. a4 g5
41. Kh3 Bxf4 42. Qd5 Re5 43. Qd3 Re3 44. Qh7+ Ke6 45. Qxh5 Re1 46. Qe8+
1-0

[Event "FastChess"]
[Site "SchemingMind.com"]
[Date "2020.10.24"]
[Round "-"]
[White "dpickin"]
[Black "Arnold Jones"]
[Result "1-0"]
[WhiteCountry "ENG"]
[BlackCountry "ENG"]
[WhiteElo "1511"]
[WhiteRD "52"]
[BlackElo "1559"]
[BlackRD "62"]
[GameID "461259"]

1. d4 Nf6 2. c4 e6 3. Nc3 d5 4. Nf3 Bb4 5. Qc2 Ne4 6. e3 O-O 7. Bd3 c6 8. O-O f5 9. Ne5 Bxc3 10. bxc3 Rf6
11. Rd1 Qe8 12. cxd5 exd5 13. c4 Be6 14. cxd5 Bxd5 15. Bc4 Rd6 16. Ba3 Rd8 17. f3 Nd6 18. e4 fxe4 19. fxe4 Bxc4 20. Bxd6 Ba6
21. Qb3+ Kh8 22. Nf7+ Kg8 23. Nxd8+ Kh8 24. Nf7+ Kg8 25. Bxb8 Qxf7 26. Qxf7+ Kxf7 27. Rf1+ Ke7 28. Bf4 Bxf1 29. Rxf1 h6 30. d5 g5
31. dxc6 gxf4 32. cxb7 Rb8 33. Rb1 Ke6 34. Kf2 Kf6 35. a4 Kg5 36. a5 h5 37. Kf3 a6 38. Rb6 h4 39. e5 Kf5 40. e6 Kf6
41. Kxf4 Ke7 42. Kg4 Rg8+ 43. Kxh4
1-0

[Event "FastChess"]
[Site "SchemingMind.com"]
[Date "2020.10.24"]
[Round "-"]
[White "Arnold Jones"]
[Black "dpickin"]
[Result "0-1"]
[WhiteCountry "ENG"]
[BlackCountry "ENG"]
[WhiteElo "1559"]
[WhiteRD "62"]
[BlackElo "1511"]
[BlackRD "52"]
[GameID "461260"]

1. d4 d5 2. Nf3 Nf6 3. c4 e6 4. Nc3 Bb4 5. e3 Ne4 6. Qb3 Nc6 7. a3 Bxc3+ 8. bxc3 Na5 9. Qb4 Nxc4 10. Bxc4 dxc4
11. O-O Nd6 12. Qb1 b5 13. e4 Bb7 14. e5 Ne4 15. Qxb5+ c6 16. Qxb7 O-O 17. Qb4 Qd5 18. a4 Rab8 19. Qe7 a5 20. Bd2 c5
21. Rfd1 cxd4 22. cxd4 c3 23. Be3 Qb3 24. Rdb1 Qxb1+ 25. Bc1 Qxa1 26. Qa3 Qxa3
0-1

[Event "FastChess"]
[Site "SchemingMind.com"]
[Date "2020.10.24"]
[Round "-"]
[White "Raymond de Kemp"]
[Black "Arnold Jones"]
[Result "0-1"]
[WhiteCountry "NED"]
[BlackCountry "ENG"]
[WhiteElo "1793"]
[WhiteRD "69"]
[BlackElo "1559"]
[BlackRD "62"]
[GameID "461261"]

1. f4 d5 2. Nf3 Nc6 3. e3 Bd7 4. d4 f6 5. Nc3 e6 6. g3 Bb4 7. Bd2 Nge7 8. a3 Bd6 9. Nb5 O-O 10. Nxd6 cxd6
11. Bd3 e5 12. Nh4 f5 13. c3 e4 14. Be2 b5 15. Bxb5 Na5 16. Bxd7 Qxd7 17. b4 Nc4 18. Bc1 Qe8 19. Ng2 a5 20. a4 axb4
21. cxb4 Nc6 22. b5 Nb4 23. O-O Nd3 24. Qb3 Na5 25. Qxd5+ Rf7 26. Ba3 Nb7 27. Qb3 d5 28. Qxd5 Rxa4 29. Qb3 Ra8 30. Ne1 Na5
31. Qd5 Rd8 32. Bd6 Nb7 33. Ra6 Nb4 34. Qe5 Nxa6 35. bxa6 Nxd6 36. Qa5 Nc4 37. Qc3 Qa4 38. Nc2 Qxa6 39. Ra1 Qe6 40. Nb4 Nb6
41. Ra6 Rd6
0-1

[Event "FastChess"]
[Site "SchemingMind.com"]
[Date "2020.10.24"]
[Round "-"]
[White "Arnold Jones"]
[Black "Raymond de Kemp"]
[Result "0-1"]
[WhiteCountry "ENG"]
[BlackCountry "NED"]
[WhiteElo "1559"]
[WhiteRD "62"]
[BlackElo "1793"]
[BlackRD "69"]
[GameID "461262"]

1. Nf3 c5 2. d4 cxd4 3. Qd3 Nc6 4. Bd2 e5 5. e4 a5 6. c3 b6 7. Qc2 Bb7 8. Bd3 Rc8 9. Bc4 h6 10. Bd5 Nf6
11. Bxc6 Bxc6 12. Nxe5 Bxe4 13. Qa4 Bxg2 14. Rg1 Bc6 15. Qxd4 Bc5 16. Nxc6 Rxc6 17. Qe5+ Re6 18. Qxe6+ dxe6 19. Rxg7 Rg8 20. Bxh6 Rxg7
21. Bxg7 Ne4 22. f3 Qh4+
0-1